00597nam a22001817a 450000500170000001000140001702000270003102000240005803500130008203700130009508200120010810000210012024500820014126000460022327000690026930000270033850000500036520100812114028.0 aENG-99860 a9789380009025c1195.00 a938000902Xc1195.00 aEN-83392 bDBAD/PUB a294.422 aTater, Sohan Raj aThe jaina doctrine of karma and the science of genetics /cby Sohan Raj Tater aNew DelhibReadworthy Publications c2009 bNew DelhaA-18, Mohan Garden Near Nawada Metro Statione11005906 axxxv, 384p.c22cm (Hb) aIncludes bibliographical references and index